000 00432nam a2200145Ia 4500
003 LK-CoDNM
008 010623t1977 xxu||||| |||| 00| 1 eng d
040 _aLK-CoDNM
_dLK-CoDNM
_eLK-CoDNM
041 _aeng
080 _a331
_bSRI
245 _aState Intervention in Labour Relations in Sri Lanka : Labour Dispute Awards, 1940-1950
260 _b Department of Labour
_a Sri Lanka
_c1977
300 _b607p, 24.5 cm
942 _cBK
999 _c110138
_d110138